Word Ladder: NHL Quiz Stats

 Plays Quiz Updated May 24, 2018

Challenge
Share
Tweet
Embed
Score 0/17 Timer 03:00
10 Plays Today
Clue 4-Letter Word % Correct
Black rubber discPUCK
98.7%
Put an ice ____ on a sore shoulder after a hitPACK
96.9%
Good games have a fast ____PACE
94%
A hard shot can shatter a ____ of glass behind the netPANE
90.9%
Players form this to shake hands after a playoff seriesLINE
90.6%
Where hockey is playedRINK
90.5%
Please ____ for the national anthemRISE
87.8%
Find a good shooting ____ and you might scoreLANE
86.7%
Pulling the goalie is a ____ that may pay offRISK
85.8%
Clue 4-Letter Word % Correct
Abuse the refs and you could get one of theseFINE
79%
What fans do to entertain themselves (with 'the')WAVE
71%
What you may do to the pine if you play poorlyRIDE
64.9%
You can't score if you shoot the puck ____WIDE
63.7%
NHL player ReddenWADE
61.6%
NHL player Bolland, aka 'The Rat'DAVE
57.8%
Colloquially, what you get for fightingFIVE
55.4%
Unsportsmanlike conductDIVE
48.7%

Today's Daily Dose

You're not logged in!

Compare scores with friends on all Sporcle quizzes.
Join for Free
OR
Log In

You Might Also Like...

Show Comments

Extras

Top Quizzes Today


Score Distribution

Your Account Isn't Verified!

In order to create a playlist on Sporcle, you need to verify the email address you used during registration. Go to your Sporcle Settings to finish the process.

Report this User

Report this user for behavior that violates our Community Guidelines.

Details: